Bioquímica

Na minha lista:
Detalhes bibliográficos
Autor principal: Horton, H. Robert
Outros Autores: Moran, Laurence A, Ochs, Raymond S, Rawn, J. David, Scrimgeour, K. Gray
Formato: Livro
Idioma:espanhol
Publicado em: Ciudad de México, México Prentice Hall Hispanoamericana 1995
Assuntos:
Tags: Adicionar Tag
Sem tags, seja o primeiro a adicionar uma tag!

MARC

LEADER 00000nam a2200000 a 4500
001 UCM7542
003 CL-VaPUC
005 20240723113041.0
008 021227e19950000MX |||||||||||||||||spa|d
999 |c 302303  |d 302301 
020 |a 9688804746 
040 |c Pontificia Universidad Católica de Valparaíso 
082 0 4 |a 572 HOR 1995  |2 21 
100 0 |a Horton, H. Robert  |9 473169 
245 1 0 |a Bioquímica 
260 0 3 |a Ciudad de México, México  |b Prentice Hall Hispanoamericana  |c 1995 
300 |a paginación irregular 
583 |a last modification  |c 20021227 00:00:00  |k Rodrigo Vera 
650 0 |a Bioquímica   |9 259492 
650 0 |a Biomoléculas   |9 263074 
650 7 |a PROTEINAS  |2 CL-VaPUC  |9 473174 
650 0 |a Enzimas  |9 262984 
650 0 |a Bioenergética   |9 264272 
650 7 |a METABOLISMO DE AMINOACIDOS  |2 CL-VaPUC  |9 473175 
650 7 |a METABOLISMO DE LOS LIPIDOS  |2 CL-VaPUC  |9 473176 
650 7 |a METABOLISMO DE NUCLEOTIDOS  |2 CL-VaPUC  |9 473177 
700 0 |a Moran, Laurence A  |9 473170 
700 0 |a Ochs, Raymond S  |9 473171 
700 0 |a Rawn, J. David  |9 473172 
700 0 |a Scrimgeour, K. Gray  |9 473173 
942 |c BK  |2 ddc 
945 |d 20021227 00:00:00  |a vberengu 
952 |0 0  |1 0  |2 ddc  |4 0  |6 572_000000000000000_HOR_1995  |7 0  |8 A  |9 362607  |a BIBCUR  |b BIBCUR  |d 2019-11-21  |i 3870049  |o 572 HOR 1995  |p 3870049  |r 2025-04-22  |t 1  |w 2019-11-21  |y BK  |k BIO 
952 |0 0  |1 0  |2 ddc  |4 0  |6 572_000000000000000_HOR_1995  |7 0  |8 A  |9 362608  |a BIBCUR  |b BIBCUR  |d 2019-11-21  |i 4102061  |o 572 HOR 1995  |p 4102061  |r 2025-04-22  |t 2  |w 2019-11-21  |y BK  |k BCB